| 000 | 00670nam a2200193 i 4500 | ||
|---|---|---|---|
| 001 | 150528 | ||
| 003 | ES-MaACL | ||
| 005 | 20250930063128.0 | ||
| 007 | t| | ||
| 008 | 071031s1957 sp ||||1| spa d | ||
| 100 | 1 |
_aVálgoma y Díaz-Varela, Dalmiro de la, _d1904-1990 _9112691 |
|
| 245 | 1 | 4 |
_aLos Saavedra y los Fajardo en Murcia _b: nobiliario / _cDalmiro de la Válgoma y Díaz Varela. |
| 260 |
_a[S.l. : _bs.n.], _c1957 ( _eVigo : _fGráf. Noroeste) |
||
| 300 |
_a366 p., 19 lám. : _bil. ; _c24 cm. |
||
| 600 | 1 | 4 |
_aFajardo (Familia) _9157810 |
| 600 | 1 | 4 |
_aSaavedra (Familia) _9157811 |
| 852 |
_aES-MaACL _jC-27388 _bR.56479 |
||
| 999 |
_c150528 _d150528 |
||